000
00304nam a22001337a 4500
008
170502b xxu||||| |||| 00| 0 eng d
020
_a
9780135137574
041
_a
eng
080
_2
10TH
_a
343.9
100
_a
13
101
_a
SHJ
245
_a
CRIMINAL JUSTICE TODAY
_c
SCHMALLEGER, F
942
_2
udc
_c
BK
999
_c
12339
_d
12339